[Event "20. Open Internacional de Gros"]
[Site "San Sebastián ESP"]
[Date "2010.09.29"]
[Round "6.2"]
[White "Argandona Riveiro, Inigo"]
[Black "Hernandez, Elvis"]
[Result "1/2-1/2"]
[WhiteElo "2408"]
[BlackElo "2282"]
[PlyCount "102"]
[EventDate "2010.09.24"]
[EventType "swiss"]
[EventRounds "9"]
[EventCountry "ESP"]
[Source "lmi"]
[SourceDate "2010.09.24"]

1. Nf3 Nf6 2. c4 d6 3. Nc3 e5 4. g3 Nbd7 5. Bg2 c6 6. O-O Be7 7. d4 O-O 8. Qc2
Re8 9. Rd1 Qc7 10. b4 a5 11. b5 Bf8 12. a4 Nb6 13. c5 Nbd7 14. bxc6 bxc6 15.
cxd6 Bxd6 16. Rb1 Ra6 17. Bg5 h6 18. dxe5 Bxe5 19. Nxe5 hxg5 20. Nxd7 Bxd7 21.
Nb5 Qe5 22. Nd6 Rf8 23. Rb7 Bg4 24. Nxf7 Qxe2 25. Qxe2 Bxe2 26. Re1 Rxf7 27.
Rxf7 Kxf7 28. Rxe2 Nd5 29. Bxd5+ cxd5 30. Re5 Rd6 31. Rxg5 d4 32. Kf1 d3 33.
Ke1 Re6+ 34. Kd2 Re2+ 35. Kxd3 Rxf2 36. h4 Ra2 37. Rg4 Ra3+ 38. Kc2 g6 39. Kb2
Re3 40. Rg5 Kf6 41. Rxa5 Rxg3 42. h5 Rg2+ 43. Kc3 Rg3+ 44. Kd2 Rg2+ 45. Ke3
gxh5 46. Rxh5 Ke6 47. Kd3 Kd6 48. Kc4 Kc6 49. Rb5 Ra2 50. Kb4 Rb2+ 51. Ka5
Rxb5+ 1/2-1/2

[Event "20. Open Internacional de Gros"]
[Site "San Sebastián ESP"]
[Date "2010.09.29"]
[Round "6.3"]
[White "Rodriguez Cabrera, Fco  Javier"]
[Black "Sanz Perez, Eduardo"]
[Result "0-1"]
[WhiteElo "1973"]
[BlackElo "2155"]
[PlyCount "65"]
[EventDate "2010.09.24"]
[EventType "swiss"]
[EventRounds "9"]
[EventCountry "ESP"]
[Source "lmi"]
[SourceDate "2010.09.24"]

1. e4 e6 2. Nf3 d5 3. exd5 exd5 4. Be2 Nf6 5. O-O Bd6 6. d4 c6 7. Bg5 Nbd7 8.
Nbd2 O-O 9. c4 Re8 10. Re1 h6 11. Bh4 Nf8 12. Bg3 Bf5 13. Bxd6 Qxd6 14. Ne5
Rad8 15. Qb3 Qc7 16. Rac1 Ne6 17. Nef3 Ne4 18. Rcd1 g5 19. Qe3 Nf4 20. Bf1 Re6
21. cxd5 cxd5 22. Ne5 f6 23. Nxe4 Bxe4 24. g3 fxe5 25. f3 exd4 26. Qxd4 Bxf3
27. gxf4 Rde8 28. Rxe6 Rxe6 29. Rd3 Be4 30. Rc3 Qxf4 31. Rc8+ Kf7 32. Be2 Bg6
33. Qxd5 0-1

[Event "20. Open Internacional de Gros"]
[Site "San Sebastián ESP"]
[Date "2010.09.29"]
[Round "6.4"]
[White "Guijarro Galan, Jose Luis"]
[Black "Bello Castano, Diego"]
[Result "1-0"]
[WhiteElo "2222"]
[BlackElo "1893"]
[PlyCount "83"]
[EventDate "2010.09.24"]
[EventType "swiss"]
[EventRounds "9"]
[EventCountry "ESP"]
[Source "lmi"]
[SourceDate "2010.09.24"]

1. e4 c6 2. d4 d5 3. e5 Bf5 4. Nd2 e6 5. g4 Bg6 6. Ne2 c5 7. h4 h6 8. Nf4 Bh7
9. dxc5 Bxc5 10. Bd3 Qb6 11. Qe2 Nc6 12. Bxh7 Rxh7 13. Nb3 O-O-O 14. Nd3 Nd4
15. Nxd4 Bxd4 16. c3 Bc5 17. b4 Bf8 18. Be3 Qc6 19. Bd4 Ne7 20. a4 Kb8 21. b5
Qc4 22. Qc2 Rh8 23. Kd2 h5 24. a5 Ng6 25. g5 Ne7 26. Ra4 Qc8 27. a6 b6 28. Nb4
Qc7 29. Rh3 Rc8 30. Rf3 Nf5 31. Nc6+ Ka8 32. Rxf5 exf5 33. Qxf5 Bc5 34. Qf3 Qd7
35. c4 Rxc6 36. bxc6 Qxc6 37. cxd5 Qd7 38. Bxc5 bxc5 39. d6+ Kb8 40. Qb3+ Kc8
41. Rc4 Qc6 42. Rxc5 1-0

[Event "20. Open Internacional de Gros"]
[Site "San Sebastián ESP"]
[Date "2010.09.29"]
[Round "6.6"]
[White "Izquierdo Arruferia, Joseba"]
[Black "Lakunza Oyarbide, Juan Carlos"]
[Result "0-1"]
[WhiteElo "1807"]
[BlackElo "2102"]
[PlyCount "140"]
[EventDate "2010.09.24"]
[EventType "swiss"]
[EventRounds "9"]
[EventCountry "ESP"]
[Source "lmi"]
[SourceDate "2010.09.24"]

1. e4 e5 2. Nf3 Nc6 3. Bb5 Nd4 4. Nxd4 exd4 5. d3 Bc5 6. O-O c6 7. Bc4 d5 8.
exd5 cxd5 9. Bb5+ Bd7 10. Bxd7+ Qxd7 11. c3 Ne7 12. Qb3 O-O 13. cxd4 Bxd4 14.
Nd2 Rac8 15. Nf3 Nf5 16. Bd2 Rc6 17. Bc3 Rb6 18. Qd1 Bxc3 19. bxc3 Rc8 20. Qd2
Qc7 21. Qg5 Rf6 22. Rfc1 h6 23. Qg4 Ne7 24. Rc2 Ng6 25. Qd4 Nf4 26. g3 Ne6 27.
Qe3 Qd7 28. Rac1 Qa4 29. Ne5 d4 30. Qe4 Rd8 31. Ng4 Rg6 32. Ne5 Nc5 33. Qh4
Rgd6 34. Qe7 Qe8 35. Qxe8+ Rxe8 36. cxd4 Ne6 37. Rc8 Kf8 38. Rxe8+ Kxe8 39.
Rc8+ Ke7 40. Nf3 Kd7 41. Rc4 f6 42. Kf1 b5 43. Rb4 Rd5 44. a4 a5 45. Rxb5 Rxb5
46. axb5 a4 47. d5 Nc7 48. Nd4 a3 49. Ke2 Nxb5 50. Nc2 Kd6 51. Kd2 Kxd5 52.
Nb4+ Kd4 53. Na2 g6 54. h3 f5 55. Kc2 g5 56. Kd2 h5 57. Kc2 h4 58. gxh4 gxh4
59. Kd2 Nc7 60. Nb4 Kc5 61. Na2 Nd5 62. Nc1 Nf4 63. Ke3 Nxh3 64. f4 Kb4 65. d4
Kc4 66. Na2 Nxf4 67. Kxf4 Kxd4 68. Kf3 Kd3 69. Kg2 f4 70. Kf2 h3 0-1

[Event "20. Open Internacional de Gros"]
[Site "San Sebastián ESP"]
[Date "2010.09.29"]
[Round "6.7"]
[White "Tung, Siu Hung"]
[Black "Maruejols, Claude"]
[Result "1-0"]
[WhiteElo "1875"]
[BlackElo "1990"]
[PlyCount "67"]
[EventDate "2010.09.24"]
[EventType "swiss"]
[EventRounds "9"]
[EventCountry "ESP"]
[Source "lmi"]
[SourceDate "2010.09.24"]

1. e4 c5 2. Nf3 d6 3. d4 cxd4 4. Nxd4 Nf6 5. Nc3 a6 6. f4 e5 7. Nf3 Nbd7 8. a4
Be7 9. Bd3 O-O 10. O-O exf4 11. Kh1 Nh5 12. Nd5 Ndf6 13. Nxf4 Bg4 14. Qe1 Nxf4
15. Bxf4 Re8 16. Qg3 Qd7 17. Nd2 Nh5 18. Qf2 Nxf4 19. Qxf4 Bf6 20. Nc4 Be5 21.
Qg5 h6 22. Qh4 Bd4 23. c3 Ba7 24. Rae1 b5 25. axb5 axb5 26. Na3 Re5 27. Nxb5
Bb8 28. Nd4 Rh5 29. Qf2 d5 30. g3 Rh3 31. e5 Ba7 32. Qg2 Rh5 33. Rf4 Re8 34.
Bb5 1-0

[Event "20. Open Internacional de Gros"]
[Site "San Sebastián ESP"]
[Date "2010.09.29"]
[Round "6.8"]
[White "Riesco Lecuona, Juan Manuel"]
[Black "Ladron De Guevara Galar, Fco J"]
[Result "0-1"]
[WhiteElo "1931"]
[BlackElo "2087"]
[PlyCount "169"]
[EventDate "2010.09.24"]
[EventType "swiss"]
[EventRounds "9"]
[EventCountry "ESP"]
[Source "lmi"]
[SourceDate "2010.09.24"]

1. e4 e5 2. Nf3 Nc6 3. Bb5 a6 4. Ba4 Nf6 5. O-O Be7 6. Re1 b5 7. Bb3 d6 8. c3
O-O 9. h3 Na5 10. Bc2 c5 11. d4 Qc7 12. Nbd2 Nc6 13. d5 Nd8 14. a4 Rb8 15. axb5
axb5 16. Nf1 Ne8 17. g4 f6 18. Ng3 g6 19. Kh2 Nf7 20. Be3 Ng7 21. Qd2 Bd7 22.
Rg1 Kh8 23. b4 Ra8 24. Bd3 Qb7 25. Qe2 c4 26. Bc2 Bd8 27. Qd2 Bb6 28. Nh4 Ra7
29. Rxa7 Qxa7 30. Bxb6 Qxb6 31. Ra1 Qb7 32. f4 Ra8 33. Rf1 Be8 34. fxe5 fxe5
35. Nf3 Qe7 36. Bb1 Kg8 37. Qf2 Qa7 38. Qd2 Qe7 39. Qf2 Ra3 40. Ne2 h5 41. Nh4
Ng5 42. Qf6 Qxf6 43. Rxf6 Rb3 44. Rf1 Rb2 45. Re1 Kh7 46. Kg3 Bd7 47. Nf3 Nf7
48. Kh4 hxg4 49. hxg4 Nh6 50. Nh2 Bc8 51. Kg5 Ne8 52. Kh4 Nc7 53. Kg3 Na8 54.
g5 Nf7 55. Ng4 Nb6 56. Kh4 Kg7 57. Ne3 Nd7 58. Bc2 Ra2 59. Bb1 Ra3 60. Nc2 Ra8
61. Ne3 Nf8 62. Ng1 Nh7 63. Nf3 Bd7 64. Nf5+ gxf5 65. exf5 Nf8 66. g6 Nh6 67.
Kg5 Bxf5 68. Bxf5 Nxf5 69. Kxf5 Nxg6 70. Ng5 Rf8+ 71. Ke6 Rf6+ 72. Kd7 Nf4 73.
Ne6+ Kf7 74. Kxd6 Nd3 75. Rg1 Rf2 76. Rg7+ Kf6 77. Rg8 Rc2 78. Rf8+ Kg6 79. Ke7
Rxc3 80. Rf6+ Kh5 81. d6 Nxb4 82. Ng7+ Kg5 83. d7 Rd3 84. Rd6 Nd5+ 85. Kf8 0-1

[Event "20. Open Internacional de Gros"]
[Site "San Sebastián ESP"]
[Date "2010.09.29"]
[Round "6.9"]
[White "Fernandez Zubitur, Jokin"]
[Black "Alvarado Fernandez, Mikel"]
[Result "0-1"]
[WhiteElo "1907"]
[BlackElo "2010"]
[PlyCount "60"]
[EventDate "2010.09.24"]
[EventType "swiss"]
[EventRounds "9"]
[EventCountry "ESP"]
[Source "lmi"]
[SourceDate "2010.09.24"]

1. e4 e6 2. d4 b6 3. Nf3 Bb7 4. Bd3 d6 5. c4 Nd7 6. O-O c6 7. Re1 Qc7 8. Nc3 g6
9. Be3 Bg7 10. Qd2 Ngf6 11. Bh6 O-O 12. Bxg7 Kxg7 13. b4 e5 14. d5 c5 15. b5
Nh5 16. g4 Nf4 17. Ne2 Nxe2+ 18. Qxe2 Nf6 19. h3 Bc8 20. Nh2 Qe7 21. Qe3 h5 22.
f3 Rh8 23. a4 hxg4 24. fxg4 Bxg4 25. Nxg4 Nxg4 26. hxg4 Qh4 27. Qf3 Qh2+ 28.
Kf1 Rh3 29. Qg2 Qf4+ 30. Qf2 Qh2 0-1

[Event "20. Open Internacional de Gros"]
[Site "San Sebastián ESP"]
[Date "2010.09.29"]
[Round "6.10"]
[White "Zubia Aramburu, Mikel"]
[Black "Iglesias Gonzalez, Veronica"]
[Result "1-0"]
[WhiteElo "1834"]
[BlackElo "1790"]
[PlyCount "55"]
[EventDate "2010.09.24"]
[EventType "swiss"]
[EventRounds "9"]
[EventCountry "ESP"]
[Source "lmi"]
[SourceDate "2010.09.24"]

1. c4 e5 2. Nc3 Nf6 3. g3 c6 4. Bg2 d5 5. cxd5 Nxd5 6. Qb3 Nxc3 7. bxc3 Qc7 8.
Nf3 Be6 9. c4 Nd7 10. Ng5 Bf5 11. O-O f6 12. Qf3 fxg5 13. Qxf5 Be7 14. d4 g6
15. Qe4 O-O 16. Bb2 Bf6 17. d5 Rab8 18. Rad1 Nc5 19. Qe3 Be7 20. dxc6 Rbd8 21.
Bxe5 Bd6 22. Bd5+ Rf7 23. Bxd6 Rxd6 24. Bxf7+ Kxf7 25. Qxc5 Rxc6 26. Qxg5 Rxc4
27. Qd5+ Kf6 28. Rd3 1-0

[Event "20. Open Internacional de Gros"]
[Site "San Sebastián ESP"]
[Date "2010.09.29"]
[Round "6.11"]
[White "Darrigues, Alain"]
[Black "Portugal Sarasola, Martin"]
[Result "1-0"]
[WhiteElo "1996"]
[BlackElo "1574"]
[PlyCount "61"]
[EventDate "2010.09.24"]
[EventType "swiss"]
[EventRounds "9"]
[EventCountry "ESP"]
[Source "lmi"]
[SourceDate "2010.09.24"]

1. d4 d5 2. c4 c6 3. Nf3 Nf6 4. Nc3 e6 5. e3 Bb4 6. Bd3 dxc4 7. Bxc4 b5 8. Bd3
O-O 9. O-O Bb7 10. Qe2 a6 11. Rd1 Qe7 12. a3 Bd6 13. h3 c5 14. dxc5 Bxc5 15. b4
Ba7 16. Bb2 Nbd7 17. Rd2 Bb8 18. Ng5 g6 19. Rad1 Ne5 20. Nce4 Bxe4 21. Bxe4 Ra7
22. Bd4 Nc4 23. Bxa7 Nxd2 24. Bc5 Qc7 25. Qxd2 Nxe4 26. Nxe4 Rc8 27. g3 Qc6 28.
Qd7 Be5 29. Qxc6 Rxc6 30. Rd8+ Kg7 31. Bf8+ 1-0

[Event "20. Open Internacional de Gros"]
[Site "San Sebastián ESP"]
[Date "2010.09.30"]
[Round "7.1"]
[White "Mirzoev, Azer"]
[Black "Sanz Perez, Eduardo"]
[Result "1-0"]
[WhiteElo "2527"]
[BlackElo "2155"]
[PlyCount "107"]
[EventDate "2010.09.24"]
[EventType "swiss"]
[EventRounds "9"]
[EventCountry "ESP"]
[Source "lmi"]
[SourceDate "2010.09.24"]

1. Nf3 c5 2. c4 g6 3. e3 Bg7 4. d4 cxd4 5. exd4 d5 6. cxd5 Nf6 7. Bb5+ Bd7 8.
Bc4 O-O 9. Nc3 a5 10. O-O Na6 11. Bf4 Bf5 12. a3 b5 13. Nxb5 Nxd5 14. Be5 Bh6
15. Nc3 Nac7 16. Na4 Nf4 17. Re1 Ne8 18. Nc5 Nd6 19. Bf1 Rb8 20. b3 Nd5 21. Bd3
Bg4 22. h3 Nc3 23. Qc2 Bxf3 24. Qxc3 Bd5 25. Bc4 Ba8 26. Rad1 Rc8 27. Ba6 Rb8
28. Qg3 Bd5 29. Bc4 Bxc4 30. bxc4 Rb2 31. Qc3 Rb8 32. Rb1 Rc8 33. Nb7 Nxb7 34.
Rxb7 Qd5 35. cxd5 Rxc3 36. Rxe7 Bd2 37. Rd1 Bg5 38. Ra7 Bd8 39. Rb1 f6 40. Bd6
Rf7 41. Rbb7 Rc1+ 42. Kh2 Rxb7 43. Rxb7 Rc8 44. a4 h5 45. g3 g5 46. Kg2 f5 47.
Be5 Kf8 48. d6 h4 49. gxh4 gxh4 50. Rh7 Kg8 51. Rh8+ Kf7 52. d7 Ra8 53. Re8 f4
54. Kf3 1-0

[Event "20. Open Internacional de Gros"]
[Site "San Sebastián ESP"]
[Date "2010.09.30"]
[Round "7.2"]
[White "Fuente San Sebastian, Ernesto"]
[Black "Argandona Riveiro, Inigo"]
[Result "0-1"]
[WhiteElo "1880"]
[BlackElo "2408"]
[PlyCount "77"]
[EventDate "2010.09.24"]
[EventType "swiss"]
[EventRounds "9"]
[EventCountry "ESP"]
[Source "lmi"]
[SourceDate "2010.09.24"]

1. e4 c5 2. Nf3 Nc6 3. d4 cxd4 4. Nxd4 g6 5. Be3 Nf6 6. Nc3 Bg7 7. Be2 O-O 8.
Qd2 Nxd4 9. Bxd4 Qa5 10. O-O Nxe4 11. Nxe4 Qxd2 12. Nxd2 Bxd4 13. c3 Bg7 14.
Rfe1 d5 15. Rad1 Rb8 16. Nb3 e6 17. Nc5 b6 18. Nd3 Ba6 19. Nb4 Bxe2 20. Rxe2
Rfc8 21. Nc2 Rc4 22. Kf1 a5 23. h3 b5 24. a3 h5 25. Rd3 Rbc8 26. Ne3 R4c5 27.
Rd1 b4 28. axb4 axb4 29. cxb4 Rb5 30. Rc2 Rcb8 31. Rb1 Rxb4 32. Nd1 d4 33. Ke2
e5 34. f3 f5 35. Rc6 Kh7 36. Ra1 e4 37. fxe4 fxe4 38. Ra7 R8b7 39. Raa6 0-1

[Event "20. Open Internacional de Gros"]
[Site "San Sebastián ESP"]
[Date "2010.09.30"]
[Round "7.3"]
[White "Hernandez, Elvis"]
[Black "Tung, Siu Hung"]
[Result "1-0"]
[WhiteElo "2282"]
[BlackElo "1875"]
[PlyCount "77"]
[EventDate "2010.09.24"]
[EventType "swiss"]
[EventRounds "9"]
[EventCountry "ESP"]
[Source "lmi"]
[SourceDate "2010.09.24"]

1. e4 d6 2. d4 g6 3. Nc3 Bg7 4. Be3 a6 5. Qd2 Nc6 6. Nge2 b5 7. a3 Rb8 8. Nd5
Bb7 9. f3 e6 10. Ndc3 b4 11. axb4 Nxb4 12. Na4 Nc6 13. g3 Nce7 14. Bg2 h5 15.
O-O Nf6 16. c4 c6 17. c5 d5 18. Bf4 Ra8 19. Qb4 Ra7 20. Nb6 O-O 21. Bd6 dxe4
22. fxe4 Re8 23. Nc4 Nd7 24. Na5 Ba8 25. Kh1 Qc8 26. Bh3 Qd8 27. Qc4 Nc8 28. e5
Nxd6 29. exd6 Nf6 30. Nf4 Nd5 31. Qd3 Nxf4 32. Rxf4 e5 33. dxe5 Rxe5 34. Nb3
Bh6 35. Re4 Bg7 36. Rxe5 Bxe5 37. Re1 Bf6 38. d7 Qc7 39. Re8+ 1-0

[Event "20. Open Internacional de Gros"]
[Site "San Sebastián ESP"]
[Date "2010.09.30"]
[Round "7.4"]
[White "Lakunza Oyarbide, Juan Carlos"]
[Black "Guijarro Galan, Jose Luis"]
[Result "1-0"]
[WhiteElo "2102"]
[BlackElo "2222"]
[PlyCount "57"]
[EventDate "2010.09.24"]
[EventType "swiss"]
[EventRounds "9"]
[EventCountry "ESP"]
[Source "lmi"]
[SourceDate "2010.09.24"]

1. d4 e6 2. Nf3 Nf6 3. g3 d5 4. Bg2 c6 5. O-O Bd6 6. Nbd2 Nbd7 7. c4 O-O 8. Qc2
Re8 9. e4 e5 10. exd5 cxd5 11. dxe5 Nxe5 12. Nxe5 Bxe5 13. cxd5 Bg4 14. Nf3 h6
15. h3 Bh5 16. Nxe5 Rxe5 17. Bf4 Re2 18. Qb3 Qd7 19. Rfe1 Rae8 20. Rxe2 Rxe2
21. Be3 Bg6 22. Rc1 Qf5 23. g4 Qe5 24. Qc3 Qd6 25. Bf3 Nxd5 26. Qc8+ Kh7 27.
Bxe2 Nxe3 28. Qc5 Qxc5 29. Rxc5 1-0

[Event "20. Open Internacional de Gros"]
[Site "San Sebastián ESP"]
[Date "2010.09.30"]
[Round "7.5"]
[White "Ladron De Guevara Galar, Fco J"]
[Black "Segovia Sanchez, Antonio"]
[Result "1-0"]
[WhiteElo "2087"]
[BlackElo "1983"]
[PlyCount "61"]
[EventDate "2010.09.24"]
[EventType "swiss"]
[EventRounds "9"]
[EventCountry "ESP"]
[Source "lmi"]
[SourceDate "2010.09.24"]

1. d4 Nf6 2. c4 e5 3. dxe5 Ng4 4. Bf4 Nc6 5. Nf3 Bb4+ 6. Nbd2 Qe7 7. e3 Ngxe5
8. Nxe5 Nxe5 9. a3 Bxd2+ 10. Qxd2 d6 11. Be2 O-O 12. O-O b6 13. b4 Bb7 14. Rac1
Nd7 15. Rfd1 Rfe8 16. Qb2 Rab8 17. Rd2 a5 18. Qc3 g5 19. Bg3 Nf6 20. Rb2 Ne4
21. Qc2 axb4 22. axb4 Ra8 23. Bd3 Ra3 24. Rb3 Rea8 25. c5 Ra2 26. Qd1 Rd2 27.
Qh5 Bd5 28. cxd6 cxd6 29. Rbc3 Rd8 30. f3 Nxc3 31. Qxh7+ 1-0

[Event "20. Open Internacional de Gros"]
[Site "San Sebastián ESP"]
[Date "2010.09.30"]
[Round "7.6"]
[White "Alvarado Fernandez, Mikel"]
[Black "Darrigues, Alain"]
[Result "1/2-1/2"]
[WhiteElo "2010"]
[BlackElo "1996"]
[PlyCount "62"]
[EventDate "2010.09.24"]
[EventType "swiss"]
[EventRounds "9"]
[EventCountry "ESP"]
[Source "lmi"]
[SourceDate "2010.09.24"]

1. d4 Nf6 2. Bg5 g6 3. Bxf6 exf6 4. e3 Bg7 5. g3 O-O 6. Bg2 d6 7. Nd2 Nd7 8.
Ne2 Rb8 9. O-O Re8 10. c3 f5 11. Nf4 Nf6 12. Re1 b6 13. b4 Bb7 14. Bxb7 Rxb7
15. Qa4 c5 16. Rac1 Bh6 17. Qc6 Rc7 18. Qf3 Qa8 19. Qxa8 Rxa8 20. Nd3 Rd8 21.
Red1 Ne4 22. Nxe4 fxe4 23. Nb2 cxb4 24. cxb4 Rdc8 25. Rxc7 Rxc7 26. Rd2 Bf8 27.
Kf1 f5 28. Nd1 d5 29. b5 Rc1 30. Ke2 Bb4 31. Rb2 Ba5 1/2-1/2

[Event "20. Open Internacional de Gros"]
[Site "San Sebastián ESP"]
[Date "2010.09.30"]
[Round "7.7"]
[White "Maruejols, Claude"]
[Black "Izagirre Alsua, Aritz"]
[Result "1-0"]
[WhiteElo "1990"]
[BlackElo "1823"]
[PlyCount "113"]
[EventDate "2010.09.24"]
[EventType "swiss"]
[EventRounds "9"]
[EventCountry "ESP"]
[Source "lmi"]
[SourceDate "2010.09.24"]

1. d4 Nf6 2. c4 g6 3. Nc3 Bg7 4. e4 d6 5. Be2 O-O 6. Nf3 e5 7. O-O a5 8. Be3
Ng4 9. Bg5 f6 10. Bd2 Nc6 11. d5 Ne7 12. Ne1 Nh6 13. Nd3 f5 14. f3 b6 15. a3 f4
16. b4 axb4 17. axb4 Rxa1 18. Qxa1 g5 19. h3 Ng6 20. c5 bxc5 21. bxc5 Nf7 22.
Rb1 h5 23. Rb8 g4 24. fxg4 Nh4 25. Qa8 f3 26. gxf3 hxg4 27. fxg4 Ng6 28. Rxc8
Qxc8 29. Qxc8 Rxc8 30. c6 Rb8 31. Kf2 Nf4 32. Bf1 Nxd3+ 33. Bxd3 Rb2 34. Ke1
Nh8 35. Nb5 Ra2 36. Nxc7 Ra1+ 37. Kf2 Ra2 38. Ke1 Ra1+ 39. Ke2 Ra2 40. Ne6 Ng6
41. c7 Ne7 42. Bb5 Bh6 43. g5 Bg7 44. Kd3 Kf7 45. Bd7 Ra8 46. Nd8+ Kg6 47. Ne6
Kf7 48. Bb4 Nc8 49. Bxc8 Rxc8 50. Bxd6 Bh8 51. Ke3 Ke8 52. Nc5 Ra8 53. Kf3 Kf7
54. Kg4 Bg7 55. Nd7 Ra4 56. c8=Q Rxe4+ 57. Kh5 1-0

[Event "20. Open Internacional de Gros"]
[Site "San Sebastián ESP"]
[Date "2010.09.30"]
[Round "7.8"]
[White "Izquierdo Arruferia, Joseba"]
[Black "Rodriguez Cabrera, Fco  Javier"]
[Result "0-1"]
[WhiteElo "1807"]
[BlackElo "1973"]
[PlyCount "32"]
[EventDate "2010.09.24"]
[EventType "swiss"]
[EventRounds "9"]
[EventCountry "ESP"]
[Source "lmi"]
[SourceDate "2010.09.24"]

1. e4 c5 2. Nc3 Nc6 3. g3 Nf6 4. Bg2 e6 5. d3 Be7 6. f4 d5 7. exd5 exd5 8. Nf3
O-O 9. O-O Rb8 10. Re1 Re8 11. Kh1 b5 12. h3 b4 13. Ne2 Bb7 14. g4 Bd6 15. d4
Ne4 16. dxc5 Nf2+ 0-1

[Event "20. Open Internacional de Gros"]
[Site "San Sebastián ESP"]
[Date "2010.09.30"]
[Round "7.9"]
[White "Lazkano Gaite, Tomas"]
[Black "Zubia Aramburu, Mikel"]
[Result "1-0"]
[WhiteElo "1736"]
[BlackElo "1834"]
[PlyCount "61"]
[EventDate "2010.09.24"]
[EventType "swiss"]
[EventRounds "9"]
[EventCountry "ESP"]
[Source "lmi"]
[SourceDate "2010.09.24"]

1. d4 d5 2. c4 c6 3. Nf3 Nf6 4. Nc3 e6 5. Bg5 Nbd7 6. e3 a6 7. cxd5 exd5 8. Bd3
Be7 9. Qc2 h6 10. Bh4 O-O 11. O-O Re8 12. Rfe1 Nf8 13. h3 Be6 14. Ne5 Rc8 15.
Bf5 c5 16. Rad1 cxd4 17. Rxd4 Bc5 18. Rd2 Bd6 19. Ng4 g5 20. Nxh6+ Kg7 21. Bxg5
Be7 22. Qd1 N8h7 23. Bxh7 Nxh7 24. Bxe7 Qxe7 25. Ng4 Qh4 26. Nxd5 Ng5 27. Nf4
Ne4 28. Nxe6+ Rxe6 29. Rd7 Nf6 30. Qd4 Kg6 31. Ne5+ 1-0

[Event "20. Open Internacional de Gros"]
[Site "San Sebastián ESP"]
[Date "2010.09.30"]
[Round "7.10"]
[White "Mohseni, Neik"]
[Black "Riesco Lecuona, Juan Manuel"]
[Result "0-1"]
[WhiteElo "1747"]
[BlackElo "1931"]
[PlyCount "72"]
[EventDate "2010.09.24"]
[EventType "swiss"]
[EventRounds "9"]
[EventCountry "ESP"]
[Source "lmi"]
[SourceDate "2010.09.24"]

1. c4 e5 2. e3 Nf6 3. d4 exd4 4. exd4 d5 5. Nf3 Bg4 6. Be2 Be7 7. Nbd2 O-O 8.
O-O c6 9. b3 Ne4 10. Qc2 f5 11. Bd3 Bh5 12. Bb2 Nd7 13. Ne1 Bd6 14. g3 Qf6 15.
f4 Qg6 16. Kg2 Rae8 17. a3 Ndf6 18. Nxe4 fxe4 19. Be2 Bg4 20. Qd1 Qh5 21. Rf2
e3 22. Rf3 Bxf3+ 23. Bxf3 Qg6 24. Kh1 Ne4 25. Nd3 Qh6 26. Kg2 Nf2 27. Nxf2 exf2
28. cxd5 Re1 29. Qd3 f1=Q+ 30. Qxf1 Rxf1 31. Rxf1 Qg6 32. dxc6 bxc6 33. Rf2
Rxf4 34. Re2 Rxf3 35. Kxf3 Qf5+ 36. Kg2 Qd5+ 0-1

[Event "20. Open Internacional de Gros"]
[Site "San Sebastián ESP"]
[Date "2010.09.30"]
[Round "7.11"]
[White "Fernandez Zubitur, Jokin"]
[Black "Orube Bona, Andoni"]
[Result "1-0"]
[WhiteElo "1907"]
[BlackElo "1743"]
[PlyCount "63"]
[EventDate "2010.09.24"]
[EventType "swiss"]
[EventRounds "9"]
[EventCountry "ESP"]
[Source "lmi"]
[SourceDate "2010.09.24"]

1. e4 c5 2. Nc3 g6 3. g3 Bg7 4. Bg2 Nc6 5. d3 d6 6. Be3 Nf6 7. h3 O-O 8. Nge2
Rb8 9. a4 a6 10. O-O Nd7 11. d4 cxd4 12. Nxd4 Nde5 13. b3 Nb4 14. f4 Nec6 15.
Nd5 e6 16. Nxb4 Nxb4 17. c3 Nc6 18. b4 e5 19. Nxc6 bxc6 20. f5 a5 21. bxa5 Ba6
22. Rf2 Bc4 23. Bb6 Qe7 24. Qd2 gxf5 25. exf5 d5 26. Bf1 Bxf1 27. Raxf1 Qf6 28.
Be3 e4 29. Bg5 Qxc3 30. f6 Qxg3+ 31. Rg2 Qxh3 32. Bh6 1-0

[Event "20. Open Internacional de Gros"]
[Site "San Sebastián ESP"]
[Date "2010.09.30"]
[Round "7.12"]
[White "Iglesias Gonzalez, Veronica"]
[Black "Boo Aldanondo, Alex"]
[Result "0-1"]
[WhiteElo "1790"]
[BlackElo "1679"]
[PlyCount "142"]
[EventDate "2010.09.24"]
[EventType "swiss"]
[EventRounds "9"]
[EventCountry "ESP"]
[Source "lmi"]
[SourceDate "2010.09.24"]

1. c4 e5 2. Nc3 g6 3. Nf3 Bg7 4. d4 exd4 5. Nxd4 Nf6 6. Bg5 d6 7. Nd5 a6 8. Qb3
Nbd7 9. Qe3+ Ne5 10. f4 Nxd5 11. cxd5 f6 12. fxe5 fxg5 13. exd6+ Kf8 14. Qf3+
Qf6 15. dxc7 Kf7 16. e4 Re8 17. Bd3 Kg8 18. Qxf6 Bxf6 19. Nf3 g4 20. Nd2 Bxb2
21. Rb1 Be5 22. O-O Bxc7 23. Rfc1 Bf4 24. Rc2 b5 25. g3 Be5 26. Nb3 Re7 27. Na5
Bb7 28. Nc6 Bxc6 29. Rxc6 Rc7 30. Re6 Bd4+ 31. Kg2 Rc3 32. Rd1 Rf8 33. Rf1 Rxd3
34. Rxf8+ Kxf8 35. Rxa6 Re3 36. h3 Re2+ 37. Kh1 gxh3 38. Re6 Kf7 39. Rc6 Rxe4
40. Kh2 Re5 41. d6 Ke6 42. Rc7 Kxd6 43. Rxh7 Re2+ 44. Kxh3 Kc5 45. Rc7+ Kb6 46.
Rd7 Bc5 47. Rf7 g5 48. Rf5 Be7 49. Rf7 Ka5 50. Kg4 Ka4 51. Rf5 b4 52. Kf3 Rxa2
53. Re5 Bd6 54. Rd5 Ra3+ 55. Ke2 Bxg3 56. Rxg5 Bf4 57. Rg8 Rc3 58. Rg4 Be3 59.
Kd1 Ka3 60. Rg8 Kb2 61. Rg4 b3 62. Ra4 Bc5 63. Kd2 Rc2+ 64. Kd3 Kb1 65. Ra6 Kc1
66. Ra1+ Kb2 67. Ra6 Rc3+ 68. Kd2 Be3+ 69. Kd1 Rc4 70. Ra8 Kc3 71. Ra3 Bc5 0-1

[Event "20. Open Internacional de Gros"]
[Site "San Sebastián ESP"]
[Date "2010.10.01"]
[Round "8.1"]
[White "Hernandez, Elvis"]
[Black "Mirzoev, Azer"]
[Result "0-1"]
[WhiteElo "2282"]
[BlackElo "2527"]
[PlyCount "162"]
[EventDate "2010.09.24"]
[EventType "swiss"]
[EventRounds "9"]
[EventCountry "ESP"]
[Source "lmi"]
[SourceDate "2010.09.24"]

1. e4 c6 2. Nf3 d5 3. exd5 cxd5 4. Ne5 Nd7 5. d4 e6 6. Bd3 Bd6 7. f4 Ndf6 8.
O-O Ne7 9. Qe2 a6 10. c3 b5 11. a3 O-O 12. Nd2 Ne8 13. Ndf3 f6 14. Ng4 Bd7 15.
Bd2 Kh8 16. Rae1 Nc7 17. Nh4 f5 18. Ne5 Be8 19. g4 Ng8 20. g5 Ne7 21. Kh1 a5
22. Ra1 Nc8 23. Ng2 Be7 24. h4 Nd6 25. Rfb1 Ne4 26. Be1 Bd6 27. Qf3 Rc8 28. Be2
Na8 29. Rd1 Nb6 30. Nd3 Na4 31. Rdc1 Rf7 32. Qe3 Rfc7 33. Kg1 Ra8 34. Bd1 Qb8
35. Kh1 Bf7 36. Kg1 Qe8 37. Qe2 Qb8 38. Qe3 Be8 39. Qe2 Qc8 40. Qe3 Nb6 41. Qe2
Nc4 42. Kh2 Rca7 43. Rab1 Nb6 44. Kg1 Nd7 45. Ra1 Nb8 46. Rab1 Nc6 47. Qe3 Qb8
48. Bd2 b4 49. axb4 axb4 50. c4 dxc4 51. Rxc4 Ne7 52. Bf3 Nd5 53. Qe2 Bb5 54.
Rcc1 Qb6 55. Be3 Qa6 56. Rd1 Rc8 57. Nge1 Bxf4 58. Bxf4 Nxf4 59. Qe3 Nd5 60.
Qe2 Bc6 61. Ra1 Qxa1 62. Rxa1 Rxa1 63. Bxe4 fxe4 64. Qxe4 Re8 65. h5 Ra7 66.
Ne5 Ba8 67. g6 Nf6 68. Qh4 Kg8 69. h6 Rf8 70. Qh3 Bd5 71. Qg3 Ne4 72. gxh7+
Kxh7 73. Qg6+ Kh8 74. Qh5 Rf6 75. h7 g6 76. Qg4 Kxh7 77. N1f3 Kg7 78. Kh2 Ra2
79. Qg2 Ra8 80. Ng4 Rf5 81. Nge5 Rh5+ 0-1